Figure Out the Lyrics IV Quiz Stats

Quiz Updated Nov 14, 2017

Challenge
Share
Tweet
Embed
Score 0/117 Timer 10:00
34 Plays Today
% Correct
I
97.3%
I
97.3%
a
96.5%
a
96.5%
A
96.5%
a
96.5%
a
96.5%
a
96.5%
a
96.5%
a
96.5%
A
96.5%
you
91.7%
you
91.7%
you
91.7%
you
91.7%
you
91.7%
you
91.7%
you
91.7%
you
91.7%
you
91.7%
the
90.9%
the
90.8%
The
90.8%
we
75.4%
can
70.3%
Can
70.3%
can
70.3%
to
69.7%
in
67.6%
in
67.6%
in
67.6%
Do
67%
on
61.9%
So
60.9%
so
60.9%
think
55.4%
think
55.4%
for
53.4%
for
53.4%
% Correct
for
53.4%
for
53.3%
For
53.3%
were
48.8%
were
48.8%
We're
48.7%
Your
48.2%
What
47.9%
they
45.5%
have
45.3%
here
44.3%
here
44.3%
how
43.6%
How
43.6%
from
42.1%
from
42.1%
from
42.1%
From
42.1%
wish
38.9%
wish
38.9%
Wish
38.9%
tell
37.6%
tell
37.6%
tell
37.6%
just
36.7%
two
32.5%
get
31.7%
Hell
30.4%
Did
28.7%
Did
28.7%
Heaven
28.4%
after
28%
lost
25.4%
Blue
25.1%
walk
24.3%
over
23.9%
year
23.7%
Year
23.7%
skies
23.2%
% Correct
souls
22.2%
pain
21.4%
fish
21.4%
Cold
21.2%
cold
21.2%
bowl
21.1%
Swimming
20.6%
green
19.3%
old
19.3%
old
19.3%
same
18.6%
same
18.6%
smile
18.2%
field
18%
Hot
18%
Hot
18%
found
17.5%
steel
17.4%
change
16.8%
cool
16.8%
part
16.5%
air
16.5%
trade
16.2%
heroes
15.9%
breeze
15.9%
war
15.9%
rail
15.6%
ashes
14.6%
ground
14.5%
ghosts
14.3%
Running
14.2%
veil
14.1%
cage
14%
exchange
13.8%
lead
13.7%
role
13.6%
comfort
13.5%
trees
13.5%
fears
13.3%

You're not logged in!

Compare scores with friends on all Sporcle quizzes.
Join for Free
OR
Log In

You Might Also Like...

Show Comments

Extras

Top Quizzes Today


Score Distribution

Your Account Isn't Verified!

In order to create a playlist on Sporcle, you need to verify the email address you used during registration. Go to your Sporcle Settings to finish the process.

Report this User

Report this user for behavior that violates our Community Guidelines.

Details: